00641nam a2200205Ia 4500952012600000999001700126003000400143005001700147008004100164020001500205040000900220082001700229100002600246245005300272250001200325260004100337300000900378650000800387942004000395 00102ddc40708GRAaMESbMEScENGd2019-02-20g85.00l0o428.2 GUP/Ep40029r2019-02-20 00:00:00w2019-02-20yBKzGR9R1 c14961d14961OSt20201110124351.0190216s9999||||xx |||||||||||||| ||und|| a8178120402 coclc a428.2bGUP/E aGupta, Anjani A96389 0aEngliish Reading Comprehension /cAnjani A Gupta a1st Ed. bRamesh Publishing House,aNew Delhi: a240p aEng cBK2ddch428.2iGUP/Ek428.2mGUP/E